[Event "grenke Chess Open 2025"]
[Site "Karlsruhe GER"]
[Date "2025.04.18"]
[Round "3.6"]
[White "Bouska, Jiri"]
[Black "Ivic, Velimir"]
[Result "0-1"]
[BlackTitle "GM"]
[WhiteElo "2322"]
[BlackElo "2623"]
[WhiteFideId "23722223"]
[BlackFideId "950122"]
[EventDate "2025.04.17"]

1. e4 c5 2. Nf3 d6 3. d4 cxd4 4. Nxd4 Nf6 5. Nc3 a6 6. h3 e5 7. Nf3 Be7 8. g4
Be6 9. g5 Nfd7 10. Be3 Nb6 11. h4 N8d7 12. Qd2 Rc8 13. Rg1 O-O 14. O-O-O Nc5 15.
Kb1 Qe8 16. b3 Kh8 17. Kb2 Qc6 18. Be2 Bd8 19. Ne1 Nxe4 20. Nxe4 Qxe4 21. Bf3
Nc4+ 22. bxc4 Qxc4 23. Bd5 Qb5+ 24. Bb3 d5 25. a4 Qc6 26. Bxd5 Qxa4 27. Bb3 Qb5
28. Qd3 Qc6 29. Qd6 Qc3+ 30. Ka2 Re8 31. Bxe6 fxe6 32. Rd3 Qc4+ 33. Rb3 Be7 34.
Qxe5 Red8 35. c3 Rd5 36. Qf4 Qe2+ 37. Rb2 Qd1 38. Bc1 Rxc3 39. Kb1 Rdc5 40. Nc2
Qxg1 41. Qf7 Rc8 42. Qxe7 Qd1 0-1

[Event "grenke Chess Open 2025"]
[Site "Karlsruhe GER"]
[Date "2025.04.18"]
[Round "3.7"]
[White "Donchenko, Alexander"]
[Black "Hollan, Martin"]
[Result "1-0"]
[WhiteTitle "GM"]
[BlackTitle "FM"]
[WhiteElo "2617"]
[BlackElo "2319"]
[WhiteFideId "24603295"]
[BlackFideId "360937"]
[EventDate "2025.04.17"]

1. c4 e6 2. Nc3 d5 3. d4 Nf6 4. Nf3 Be7 5. g3 O-O 6. Bg2 dxc4 7. Ne5 c5 8. dxc5
Qxd1+ 9. Nxd1 Bxc5 10. O-O Nc6 11. Bxc6 bxc6 12. Be3 Bb6 13. Bxb6 axb6 14. Nc3
Nd5 15. Rfc1 f6 16. Nxc6 Nxc3 17. Rxc3 b5 18. a3 Bb7 19. Nd4 Rfd8 20. Nxb5 Rd2
21. Rxc4 Rxb2 22. Nc3 Rc2 23. Rc7 Ba6 24. e3 Rd8 25. Nb5 Rb2 26. Nd4 Rd6 27.
Rac1 g6 28. Re7 e5 29. Rcc7 Rb8 30. Ne6 Rb1+ 31. Kg2 Bb7+ 32. Kh3 1-0

[Event "grenke Chess Open 2025"]
[Site "Karlsruhe GER"]
[Date "2025.04.18"]
[Round "3.8"]
[White "Ouellet, Maili-Jade"]
[Black "Safarli, Eltaj"]
[Result "0-1"]
[WhiteTitle "WGM"]
[BlackTitle "GM"]
[WhiteElo "2317"]
[BlackElo "2617"]
[WhiteFideId "2620472"]
[BlackFideId "13402129"]
[EventDate "2025.04.17"]

1. d4 Nf6 2. c4 b6 3. Nc3 Bb7 4. Qc2 d5 5. cxd5 Nxd5 6. Nf3 e6 7. e4 Nxc3 8.
bxc3 Be7 9. Bf4 O-O 10. Bd3 c5 11. d5 exd5 12. exd5 h6 13. O-O Bd6 14. Bxd6 Qxd6
15. c4 Nd7 16. a4 Rae8 17. a5 b5 18. cxb5 Nf6 19. Rac1 Qxd5 20. Rfe1 Qd8 21. a6
Bxf3 22. gxf3 Qd5 23. Be4 Qg5+ 24. Kh1 Nxe4 25. Rxe4 Rxe4 26. fxe4 Qf4 27. Qxc5
Qxe4+ 28. Kg1 Qg4+ 29. Kh1 Qf3+ 30. Kg1 Re8 31. Qxa7 Qg4+ 32. Kh1 Qe4+ 33. Kg1
Re5 34. Qe3 Rg5+ 35. Kf1 Qd5 36. a7 Kh7 37. b6 Rg6 38. f3 Qb5+ 39. Ke1 Qa5+ 40.
Qc3 Rg1+ 41. Ke2 Rg2+ 42. Kf1 Qa2 43. Qd3+ g6 44. Rc2 Rxc2 45. Qxc2 Qxc2 46.
a8=Q Qb1+ 47. Kg2 Qb2+ 48. Kf1 Qxb6 49. Qf8 Qf6 50. Kg2 Qf4 51. h4 h5 52. Qd8
Kg7 53. Qe7 Qd4 54. Kf1 Qf6 55. Qe4 Qd6 56. Kg2 Kf6 57. Qc4 Qd2+ 58. Kg3 Qe3 59.
Kg2 Qe5 60. Qc6+ Kg7 61. Qc4 Qe3 62. Qb4 Qe2+ 63. Kg3 Qe5+ 64. Kg2 Qa1 65. Qe4
Qc3 66. Kg3 Qc5 67. Kg2 Qf5 68. Qd4+ Qf6 69. Qe4 Qe6 70. Qd4+ f6 71. Qa7+ Kh6
72. Qa8 Kg7 73. Qa7+ Qf7 74. Qd4 Qe7 75. Kh3 Qe6+ 76. Kg2 Qe2+ 77. Kg3 Qe5+ 78.
Qxe5 fxe5 79. f4 e4 80. Kf2 Kf6 81. Ke2 Ke6 82. Kf2 Kd6 83. Ke2 Kc5 0-1

[Event "grenke Chess Open 2025"]
[Site "Karlsruhe GER"]
[Date "2025.04.18"]
[Round "3.9"]
[White "Bartel, Mateusz"]
[Black "Boder, Jan"]
[Result "1-0"]
[WhiteTitle "GM"]
[BlackTitle "FM"]
[WhiteElo "2595"]
[BlackElo "2313"]
[WhiteFideId "1112635"]
[BlackFideId "16243226"]
[EventDate "2025.04.17"]

1. e4 c5 2. Nf3 d6 3. d4 cxd4 4. Nxd4 Nf6 5. Nc3 e5 6. Bb5+ Bd7 7. Bxd7+ Qxd7 8.
Nf3 Nc6 9. Bg5 Be7 10. Bxf6 Bxf6 11. Nd5 Be7 12. Qd3 O-O 13. O-O-O Rad8 14. h4
Kh8 15. h5 h6 16. Kb1 f5 17. Rhe1 Qe8 18. exf5 Qxh5 19. Ne3 d5 20. g4 Qh3 21.
Qe2 e4 22. Ng1 Qh2 23. Nxd5 Bh4 24. Qxe4 Qxf2 25. Nf3 Rfe8 26. Qxe8+ Rxe8 27.
Rxe8+ Kh7 28. g5 hxg5 29. Nf6+ gxf6 30. Rd7+ Kh6 31. Rh8# 1-0

[Event "grenke Chess Open 2025"]
[Site "Karlsruhe GER"]
[Date "2025.04.18"]
[Round "3.10"]
[White "Muradli, Mahammad"]
[Black "Hampel, Felix"]
[Result "1-0"]
[WhiteTitle "GM"]
[BlackTitle "FM"]
[WhiteElo "2588"]
[BlackElo "2313"]
[WhiteFideId "13409301"]
[BlackFideId "24668125"]
[EventDate "2025.04.17"]

1. d4 Nf6 2. c4 g6 3. Nc3 Bg7 4. e4 d6 5. Be2 O-O 6. Be3 e5 7. d5 Na6 8. h4 Nc5
9. Qc2 c6 10. h5 Qa5 11. h6 Bh8 12. f3 Nh5 13. a3 Qd8 14. b4 Na6 15. c5 cxd5 16.
Nxd5 Nc7 17. O-O-O Nxd5 18. Rxd5 Nf4 19. Rxd6 Qg5 20. Bc4 Qxg2 21. Qxg2 Nxg2 22.
Bg5 Nf4 23. Be7 Be6 24. Bxf8 Bxc4 25. Be7 Bb5 26. Nh3 Ne6 27. Ng5 Nd4 28. Bf6
Bxf6 29. Rxf6 Bc4 30. Kb2 a5 31. Rc1 Bb3 32. b5 a4 33. Rb6 Rd8 34. c6 Nxb5 35.
Rxb5 1-0

[Event "grenke Chess Open 2025"]
[Site "Karlsruhe GER"]
[Date "2025.04.18"]
[Round "3.11"]
[White "Vardanyan, Aras"]
[Black "Jacobson, Brandon"]
[Result "0-1"]
[WhiteTitle "FM"]
[BlackTitle "GM"]
[WhiteElo "2317"]
[BlackElo "2570"]
[WhiteFideId "12808792"]
[BlackFideId "30901561"]
[EventDate "2025.04.17"]

1. c4 Nf6 2. g3 g6 3. Bg2 Bg7 4. Nc3 O-O 5. d4 d6 6. h3 Nbd7 7. Nf3 e5 8. O-O
Re8 9. e4 exd4 10. Nxd4 Nc5 11. Re1 h6 12. Rb1 a5 13. b3 c6 14. Bb2 Nfd7 15. f4
Qb6 16. Ba1 a4 17. b4 Nb3 18. axb3 Qxd4+ 19. Qxd4 Bxd4+ 20. Kh2 axb3 21. Rxb3
Nb6 22. Na4 Rxa4 23. Bxd4 Nxc4 24. Rd1 f5 25. e5 dxe5 26. fxe5 Be6 27. Rbb1 Bd5
28. Bxd5+ cxd5 29. Ra1 Rxb4 30. Bc3 Rb3 31. Rac1 Rb5 32. Rb1 Na3 33. Rb4 Kf7 34.
Rh4 Rc8 35. Bd4 Nc2 36. Bf2 h5 37. g4 fxg4 38. hxg4 Rc4 39. gxh5 Rxh4+ 40. Bxh4
gxh5 41. Rf1+ Ke6 42. Bg3 Ne3 43. Rf6+ Ke7 44. Kh3 Rb3 45. Kh4 Ng2+ 46. Kh3 h4
47. Kxg2 Rxg3+ 48. Kf2 Rg5 49. Rb6 Rxe5 0-1

[Event "grenke Chess Open 2025"]
[Site "Karlsruhe GER"]
[Date "2025.04.18"]
[Round "3.12"]
[White "Kazakouski, Valery"]
[Black "Sabuk, Piotr"]
[Result "1-0"]
[WhiteTitle "GM"]
[BlackTitle "IM"]
[WhiteElo "2563"]
[BlackElo "2310"]
[WhiteFideId "13507443"]
[BlackFideId "1137565"]
[EventDate "2025.04.17"]

1. Nf3 d5 2. g3 c5 3. c4 dxc4 4. Qa4+ Nc6 5. Bg2 Bd7 6. Qxc4 e5 7. Nc3 Nh6 8. d3
Nf5 9. Ng5 Nh6 10. Nge4 Be6 11. Qb5 Qb6 12. Be3 Nf5 13. Bxc5 Bxc5 14. Nxc5 Nd4
15. Qxb6 axb6 16. Nxe6 fxe6 17. Rc1 Kd7 18. e3 Nf5 19. a3 Rhd8 20. Ke2 Nd6 21.
Ne4 Ra5 22. Rc3 Nb5 23. Rc4 Nd6 24. Nxd6 Kxd6 25. Rhc1 Rc5 26. h4 Rf8 27. Be4 h6
28. f4 exf4 29. gxf4 Rc8 30. b4 Rxc4 31. Rxc4 Rg8 32. h5 Ra8 33. b5 Ne7 34. a4
Nd5 35. Kd2 Rd8 36. f5 e5 37. Bxd5 Kxd5 38. Rc7 e4 39. Rxg7 Ke5 40. Re7+ 1-0

[Event "grenke Chess Open 2025"]
[Site "Karlsruhe GER"]
[Date "2025.04.18"]
[Round "3.13"]
[White "Sanal, Vahap"]
[Black "Polster, Christian"]
[Result "1-0"]
[WhiteTitle "GM"]
[BlackTitle "FM"]
[WhiteElo "2550"]
[BlackElo "2307"]
[WhiteFideId "6300545"]
[BlackFideId "12965081"]
[EventDate "2025.04.17"]

1. e4 c5 2. Nf3 Nc6 3. Bb5 Nf6 4. Bxc6 dxc6 5. d3 Bg4 6. Nbd2 Nd7 7. h3 Bh5 8.
Nc4 Qc7 9. Qe2 e5 10. Bd2 Be7 11. Ne3 Nf8 12. Nf5 Ne6 13. g4 Bg6 14. Be3 f6 15.
Rg1 O-O-O 16. a3 Rhe8 17. Nxe7+ Rxe7 18. Nd2 Nd4 19. Bxd4 cxd4 20. b4 Bf7 21.
Nb3 Bxb3 22. cxb3 Qd7 23. O-O-O h5 24. Kb2 Rh8 25. Rc1 Kb8 26. Qf3 hxg4 27. hxg4
Rf7 28. Rh1 Rff8 29. Qg3 g5 30. Rh5 Rxh5 31. gxh5 Rh8 32. Rh1 Rh6 33. Qf3 Qe7
34. Qg4 a5 35. bxa5 Qc5 36. Rc1 Qxa5 37. Qd7 Qd2+ 38. Rc2 Qxd3 39. a4 Qxe4 40.
Qd8+ Ka7 41. Qa5+ Kb8 42. Qd8+ Ka7 43. Rc5 b6 44. Qc7+ Ka6 45. a5 Qe2+ 46. Ka3
bxc5 47. Qb6# 1-0

[Event "grenke Chess Open 2025"]
[Site "Karlsruhe GER"]
[Date "2025.04.18"]
[Round "3.14"]
[White "Sorbe, Stephane"]
[Black "Amar, Elham"]
[Result "0-1"]
[WhiteTitle "FM"]
[BlackTitle "GM"]
[WhiteElo "2315"]
[BlackElo "2546"]
[WhiteFideId "617334"]
[BlackFideId "1533533"]
[EventDate "2025.04.17"]

1. e4 c5 2. Nf3 d6 3. c3 Nf6 4. Bd3 Bg4 5. h3 Bh5 6. Bc2 Nc6 7. d4 cxd4 8. cxd4
e5 9. d5 Nd4 10. Nc3 Nxc2+ 11. Qxc2 Be7 12. Be3 O-O 13. Nd2 Bg6 14. g4 b5 15.
Qb3 Rb8 16. f3 a6 17. a4 bxa4 18. Qxa4 Rxb2 19. Nc4 Qc7 20. O-O Rbb8 21. Rfc1 h5
22. Na5 Nd7 23. Nb5 Qd8 24. Na7 Bg5 25. Qa3 Bxe3+ 26. Qxe3 Qh4 27. Ra2 Qxh3 28.
N7c6 Rbe8 29. Rh2 Qg3+ 30. Rg2 Qf4 31. Nc4 Qxe3+ 32. Nxe3 hxg4 33. Rxg4 Bh7 34.
Kh2 f5 35. exf5 Bxf5 36. Rg5 Bh7 37. Rcg1 g6 38. Kg3 Nc5 39. Nc4 Rf6 40. Re1 Kg7
41. N6xe5 dxe5 42. Rgxe5 Rxe5 43. Rxe5 Bg8 44. f4 Nd3 45. Re7+ Kf8 46. Ra7 Bxd5 0-1

[Event "grenke Chess Open 2025"]
[Site "Karlsruhe GER"]
[Date "2025.04.18"]
[Round "3.15"]
[White "Engel, Luis"]
[Black "Moritz, Aron"]
[Result "1-0"]
[WhiteTitle "GM"]
[BlackTitle "FM"]
[WhiteElo "2544"]
[BlackElo "2305"]
[WhiteFideId "12961523"]
[BlackFideId "24672319"]
[EventDate "2025.04.17"]

1. e4 d6 2. d4 Nf6 3. Nc3 e5 4. Nf3 Nbd7 5. Bc4 Be7 6. O-O O-O 7. a4 c6 8. Re1
a5 9. h3 exd4 10. Nxd4 Nc5 11. b3 Be6 12. Bxe6 fxe6 13. Ba3 Nfd7 14. Qe2 Bf6 15.
Rad1 Be5 16. Nb1 Rf4 17. f3 Qf6 18. Qe3 Rf8 19. Ne2 Rh4 20. Rf1 g5 21. Nd2 b5
22. axb5 cxb5 23. b4 Na4 24. Nb3 axb4 25. Bxb4 Nb2 26. Rb1 Nc4 27. Qd3 Rd8 28.
Rfd1 Nb2 29. Rxb2 Bxb2 30. Qxd6 Be5 31. Qe7 Qxe7 32. Bxe7 Rc8 33. Rxd7 Rxc2 34.
Bxg5 Rh5 35. Nbd4 Rc7 36. Rxc7 Bxc7 37. h4 Bb6 38. Kh2 Bc7+ 39. Kh3 1-0

[Event "grenke Chess Open 2025"]
[Site "Karlsruhe GER"]
[Date "2025.04.18"]
[Round "3.16"]
[White "Fiedorek, Michal"]
[Black "Woodward, Andy"]
[Result "1/2-1/2"]
[WhiteTitle "FM"]
[BlackTitle "GM"]
[WhiteElo "2305"]
[BlackElo "2536"]
[WhiteFideId "1199528"]
[BlackFideId "30953499"]
[EventDate "2025.04.17"]

1. e4 c5 2. Nf3 d6 3. d4 cxd4 4. Nxd4 Nf6 5. Nc3 a6 6. h4 e5 7. Nb3 Be7 8. Bg5
Be6 9. Bxf6 Bxf6 10. g3 Be7 11. Qd3 O-O 12. O-O-O Nc6 13. f4 Rc8 14. Kb1 exf4
15. gxf4 Bf6 16. Qxd6 Bxc3 17. Qxd8 Rfxd8 18. Rxd8+ Nxd8 19. bxc3 Rxc3 20. Bd3
Rc7 21. Rd1 Bd7 22. Bc4 Kf8 23. Bd5 g6 24. Kb2 Ke7 25. c4 f6 26. Rh1 Ne6 27. Rf1
b6 28. f5 gxf5 29. Rxf5 Ng7 30. Rf2 1/2-1/2

[Event "grenke Chess Open 2025"]
[Site "Karlsruhe GER"]
[Date "2025.04.18"]
[Round "3.17"]
[White "Subelj, Jan"]
[Black "Knuedel, Torben"]
[Result "1-0"]
[WhiteTitle "GM"]
[BlackTitle "FM"]
[WhiteElo "2528"]
[BlackElo "2300"]
[WhiteFideId "14618583"]
[BlackFideId "16208820"]
[EventDate "2025.04.17"]

1. c4 e6 2. g3 Nf6 3. Bg2 d5 4. Nf3 Be7 5. O-O O-O 6. d4 a5 7. Qc2 Nc6 8. Bd2
Nb4 9. Qc1 c5 10. dxc5 Ne4 11. cxd5 exd5 12. Be3 Bf5 13. Nd4 Bg6 14. a3 Nc6 15.
Nc3 Nxd4 16. Bxd4 Bxc5 17. Bxc5 Nxc5 18. Bxd5 Rc8 19. Qf4 Qb6 20. Ra2 Rfe8 21.
Rd1 Ne6 22. Bxe6 Qxe6 23. Raa1 Qb3 24. Rd2 Rc4 25. Qe5 f6 26. Qxa5 h5 27. a4 Re5
28. Qd8+ Kh7 29. Rd7 Kh6 30. Qh8+ Kg5 31. f4+ Kg4 32. Qxg7 Qb6+ 33. Kf1 Kh3 34.
Qxg6 Kxh2 35. e3 Rxc3 36. Rd2+ Kh3 37. fxe5 1-0

[Event "grenke Chess Open 2025"]
[Site "Karlsruhe GER"]
[Date "2025.04.18"]
[Round "3.18"]
[White "Ohler, Julius"]
[Black "Ten Hertog, Hugo"]
[Result "1/2-1/2"]
[WhiteTitle "FM"]
[BlackTitle "GM"]
[WhiteElo "2303"]
[BlackElo "2528"]
[WhiteFideId "16238982"]
[BlackFideId "1026356"]
[EventDate "2025.04.17"]

1. c4 e6 2. g3 d5 3. Bg2 c6 4. Nf3 dxc4 5. O-O Nd7 6. Qc2 b5 7. a4 Bb7 8. Ne1 b4
9. Qxc4 a5 10. d4 Ne7 11. Nd3 Ba6 12. Qc2 Nf5 13. e3 Rc8 14. Rd1 c5 15. d5 b3
16. Qd2 c4 17. dxe6 cxd3 18. exd7+ Qxd7 19. Qxa5 Qe6 20. Nc3 Be7 21. Nb5 O-O 22.
Rxd3 Rc2 23. Rc3 Rd8 24. Bf3 Bb7 25. Qxd8+ Bxd8 26. Bxb7 Ba5 27. Rxc2 bxc2 28.
e4 Qd7 29. Bd5 Ne7 30. Be3 Nxd5 31. exd5 Qxd5 32. Nd4 h5 33. h4 Qb7 34. Rc1 Qxb2
35. Rxc2 Qa1+ 36. Kg2 Qxa4 37. Rc8+ Kh7 38. Nf3 1/2-1/2

[Event "grenke Chess Open 2025"]
[Site "Karlsruhe GER"]
[Date "2025.04.18"]
[Round "3.19"]
[White "Lashkin, Jegor"]
[Black "Degardin, Sylvain"]
[Result "0-1"]
[WhiteTitle "IM"]
[BlackTitle "FM"]
[WhiteElo "2528"]
[BlackElo "2296"]
[WhiteFideId "13907808"]
[BlackFideId "20623070"]
[EventDate "2025.04.17"]

1. Nf3 d5 2. d4 Nf6 3. c4 e6 4. Nc3 Be7 5. Bf4 O-O 6. e3 c5 7. dxc5 Bxc5 8. Be2
Nc6 9. O-O dxc4 10. Bxc4 a6 11. Bd3 Be7 12. Rc1 Qa5 13. Nd2 e5 14. Bg3 Rd8 15.
Qe2 Be6 16. Nc4 Qc7 17. Ne4 Nd7 18. f4 f5 19. Ng5 Bxg5 20. fxg5 g6 21. b4 Rac8
22. a3 b5 23. Nd2 Qb6 24. h3 e4 25. Bb1 Nce5 26. Kh2 Nc4 27. Nxc4 Bxc4 28. Ba2
Qe6 29. Bxc4 bxc4 30. Rfd1 Nb6 31. Rxd8+ Rxd8 32. Bc7 Rd3 33. Bxb6 Qxb6 34. Qc2
c3 35. Qb3+ Kg7 36. Rxc3 Qd6+ 37. Kg1 Rd1+ 38. Kf2 Rd2+ 39. Ke1 Rxg2 40. Kf1 Rh2 0-1

[Event "grenke Chess Open 2025"]
[Site "Karlsruhe GER"]
[Date "2025.04.18"]
[Round "3.20"]
[White "Maksimovic, Bojan"]
[Black "Hrebenshchykova, Yelyzaveta"]
[Result "1/2-1/2"]
[WhiteTitle "IM"]
[BlackTitle "WIM"]
[WhiteElo "2512"]
[BlackElo "2296"]
[WhiteFideId "14408120"]
[BlackFideId "14159899"]
[EventDate "2025.04.17"]

1. c4 e6 2. Nf3 Nf6 3. g3 d5 4. Bg2 d4 5. O-O Nc6 6. d3 Bc5 7. Nbd2 a5 8. Nb3
Be7 9. e3 dxe3 10. Bxe3 a4 11. Nbd4 Nxd4 12. Bxd4 O-O 13. Bc3 c5 14. Qe2 Qc7 15.
Ne5 Rd8 16. Rad1 Bd7 17. Qf3 Rab8 18. d4 cxd4 19. Rxd4 Be8 20. Rxd8 Qxd8 21. Rd1
Qc7 22. h3 Bd6 23. Ng4 Nxg4 24. Qxg4 Be5 25. Bxe5 Qxe5 26. Qd4 Qxd4 27. Rxd4 b6
28. f4 Kf8 29. Kf2 Ke7 30. Ke3 Rc8 31. Kd3 f6 32. Kc3 h6 33. b4 axb3 34. axb3
Rc7 35. Rd2 Ra7 36. Re2 Kd6 37. Rd2+ Ke7 38. Bf3 Ra5 39. Kb2 g5 40. Re2 Bd7 41.
Rf2 1/2-1/2

[Event "grenke Chess Open 2025"]
[Site "Karlsruhe GER"]
[Date "2025.04.18"]
[Round "3.21"]
[White "Colin, Vincent"]
[Black "Costa, Leonardo"]
[Result "0-1"]
[WhiteTitle "IM"]
[BlackTitle "IM"]
[WhiteElo "2294"]
[BlackElo "2510"]
[WhiteFideId "612324"]
[BlackFideId "16213955"]
[EventDate "2025.04.17"]

1. d4 Nf6 2. c4 e6 3. Nc3 Bb4 4. Nf3 O-O 5. e3 c5 6. Bd3 Nc6 7. O-O Bxc3 8. bxc3
d6 9. Nd2 e5 10. d5 Ne7 11. h3 Ne8 12. e4 Ng6 13. Nf3 h6 14. Kh2 f5 15. exf5
Bxf5 16. Bxf5 Rxf5 17. Be3 Qd7 18. Nd2 Nf4 19. Ne4 Rd8 20. Rb1 Nf6 21. Ng3 Rg5
22. Rb2 Rf8 23. Qb3 b6 24. Qb5 Qf7 25. f3 Qg6 26. Bxf4 exf4 27. Nh1 Re8 28. Rd2
Re3 29. Qc6 Kh7 30. Kg1 Ng8 31. Qd7 Ne7 32. h4 Rh5 33. Qg4 Qxg4 34. fxg4 Rxh4
35. Nf2 Ng6 36. Rc2 Ne5 37. Nd1 Re4 38. Nf2 Rxc4 39. Re1 Nxg4 40. Nd1 Ne3 41.
Nxe3 fxe3 42. Rxe3 Rhd4 43. Re7 Rxd5 44. Rxa7 b5 0-1

[Event "grenke Chess Open 2025"]
[Site "Karlsruhe GER"]
[Date "2025.04.18"]
[Round "3.23"]
[White "Cu, Ivan Travis"]
[Black "Bellahcene, Bilel"]
[Result "1/2-1/2"]
[WhiteTitle "FM"]
[BlackTitle "GM"]
[WhiteElo "2286"]
[BlackElo "2506"]
[WhiteFideId "5245010"]
[BlackFideId "696358"]
[EventDate "2025.04.17"]

1. Nf3 Nf6 2. g3 d5 3. Bg2 e6 4. O-O Be7 5. c4 O-O 6. b3 a5 7. Nc3 c6 8. d4 b6
9. Bb2 Ba6 10. Ne5 Nfd7 11. Nxd7 Nxd7 12. cxd5 cxd5 13. Re1 Rc8 14. Qd2 b5 15.
a4 b4 16. Nb5 Qb6 17. Qd3 f5 18. Rec1 Nf6 19. e3 Ne4 20. Bf1 g5 21. Rxc8 Rxc8
22. Rc1 Rxc1 23. Bxc1 g4 24. h4 Bd6 25. Qc2 Bb8 26. Bd3 Bb7 27. Bd2 Qc6 28. Qxc6
Bxc6 29. Be1 Kf7 30. Kf1 Kg6 31. Ke2 Nf6 32. Bd2 Ng8 33. Kf1 Ne7 34. Ke1 Be8 35.
Bc1 Kf6 36. Kf1 Bg6 37. Ke2 Kf7 38. Bd2 Ke8 39. Bc1 Kd7 40. Bd2 Kc6 41. Bc1 Kb6
42. Bd2 Ng8 43. Be1 Nf6 44. Bd2 Be8 45. Be1 Bd7 46. Kd1 Ne4 47. Ke2 Be8 48. Kd1
Nf6 49. Bd2 Bg6 50. Ke2 Ng8 51. Bc1 Ne7 52. Kd2 Kb7 53. Ke2 Nc6 54. Bb2 Kc8 55.
Kd2 Kd7 56. Ke2 Ke7 57. Kd2 Be8 58. Ke2 Kf6 59. Kd1 Bd7 60. Ke2 Bc8 61. Kd2 Kg6
62. Ke2 Ba6 63. Kd2 Ne7 64. Ke2 Kh5 65. Kf1 h6 66. Ke2 Nc6 67. Kd2 Kg6 68. Na7
Bxa7 69. Bxa6 Kf6 70. Bb5 Ne7 71. Ba6 Ng8 72. Ke2 Ke7 73. Bc1 Nf6 74. Bd2 Bb8
75. Bd3 Ne8 76. Ba6 Ng7 77. Kd3 Ba7 78. Ke2 Ne8 79. Bb5 Nd6 80. Ba6 Kf6 81. Bd3
Bb6 82. Ba6 Kf7 83. Bd3 Bd8 84. Ba6 Bf6 85. Bd3 e5 86. dxe5 Bxe5 87. Bc2 Ke6 88.
Bd3 Nb7 89. Bc2 Nc5 90. Bd1 Bb2 91. Bc2 Ke5 92. Kd1 Bc3 93. Bc1 h5 94. Ke2 Ne4
95. Bd1 Ke6 96. Bc2 Nc5 97. Kf1 Nd7 98. Bd3 Ne5 99. Bb5 Nd7 1/2-1/2

[Event "grenke Chess Open 2025"]
[Site "Karlsruhe GER"]
[Date "2025.04.18"]
[Round "3.24"]
[White "Balabayeva, Xeniya"]
[Black "Roshka, Yevgeniy"]
[Result "0-1"]
[WhiteTitle "WGM"]
[BlackTitle "IM"]
[WhiteElo "2285"]
[BlackElo "2488"]
[WhiteFideId "13719688"]
[BlackFideId "14129558"]
[EventDate "2025.04.17"]

1. d4 d5 2. c4 e6 3. Nc3 a6 4. cxd5 exd5 5. Bf4 Nf6 6. e3 Bd6 7. Bxd6 Qxd6 8.
Bd3 Bg4 9. Nge2 O-O 10. Qc2 Bxe2 11. Nxe2 Nbd7 12. h3 Rfe8 13. O-O c6 14. a4 g6
15. Rfc1 Ne4 16. b4 Rac8 17. Bxe4 dxe4 18. Nc3 Qe6 19. b5 axb5 20. axb5 c5 21.
Ne2 c4 22. Ra7 Rc7 23. Nc3 Nb6 24. Qa2 Kg7 25. Qb2 Kh6 26. Qb4 Rec8 27. Ra2 f5
28. Rd2 Rd7 29. Rcd1 Qd6 30. Rb1 Qxb4 31. Rxb4 Ra8 32. Rc2 Ra3 33. Kf1 Rc7 34.
Nb1 Ra1 35. Ke2 Nd5 36. Rbb2 c3 37. Rb3 Rc4 38. f3 Rb4 39. Nxc3 Nf4+ 40. exf4
exf3+ 41. gxf3 Rxb3 42. d5 Ra8 43. Kd3 Rb4 44. Re2 Rc8 45. d6 Rb3 46. Rc2 Kg7
47. d7 Rd8 48. Kc4 Ra3 49. Rd2 b6 50. Rd6 Ra7 51. Rxb6 Raxd7 52. Rc6 Rd4+ 53.
Kc5 Rxf4 54. b6 Rxf3 55. Kc4 Rb8 56. Nd5 Rxh3 57. Rc7+ Kh6 58. b7 Rh1 59. Kb5
Kg5 60. Nb4 h5 61. Kb6 Rb1 62. Ka7 Rxb7+ 63. Rxb7 h4 0-1

[Event "grenke Chess Open 2025"]
[Site "Karlsruhe GER"]
[Date "2025.04.18"]
[Round "3.25"]
[White "Schlosser, Philipp"]
[Black "Heinrich, John"]
[Result "1/2-1/2"]
[WhiteTitle "GM"]
[BlackTitle "FM"]
[WhiteElo "2481"]
[BlackElo "2285"]
[WhiteFideId "4600169"]
[BlackFideId "16259491"]
[EventDate "2025.04.17"]

1. c4 c5 2. Nf3 Nf6 3. Nc3 d5 4. cxd5 Nxd5 5. e3 e6 6. d4 cxd4 7. exd4 Nxc3 8.
bxc3 Qc7 9. Rb1 Qxc3+ 10. Bd2 Qc7 11. Bd3 Be7 12. O-O O-O 13. Re1 Nc6 14. Qc2 h6
15. Bh7+ Kh8 16. Be4 Bd7 17. Ne5 Rac8 18. Bf4 Qd8 19. Qd2 Nxe5 20. Bxe5 f6 21.
Bf4 g5 22. Bxb7 gxf4 23. Qxf4 Kh7 24. Bxc8 Bxc8 25. Rec1 Bd6 26. Qe4+ f5 27. Qa8
Qd7 28. g3 Kg7 29. a4 Kf7 30. a5 Ke7 31. Qf3 Qd8 32. Qh5 Rf6 33. Qe2 f4 34. Qe4
Rf7 35. Qa8 Rf8 36. Qxa7+ Bd7 37. Rb7 Rf5 38. a6 Ra5 39. Kg2 f3+ 40. Kxf3 Rd5
41. Ra1 Rf5+ 42. Ke2 Rf8 43. Rab1 Ke8 44. Rxd7 Qxd7 45. Rb7 Qc8 46. f4 Qc2+ 47.
Kf3 Qd3+ 48. Kf2 Qd2+ 1/2-1/2

[Event "grenke Chess Open 2025"]
[Site "Karlsruhe GER"]
[Date "2025.04.18"]
[Round "3.26"]
[White "Schoorl, Rob"]
[Black "Trost, Edvin"]
[Result "1/2-1/2"]
[WhiteTitle "FM"]
[BlackTitle "IM"]
[WhiteElo "2285"]
[BlackElo "2481"]
[WhiteFideId "1009508"]
[BlackFideId "1729519"]
[EventDate "2025.04.17"]

1. Nf3 d5 2. c4 e6 3. g3 Nf6 4. Bg2 Be7 5. O-O O-O 6. b3 Nc6 7. Bb2 d4 8. e3 e5
9. exd4 exd4 10. Na3 d3 11. Nb5 Bg4 12. h3 Bh5 13. a3 a6 14. Nc3 a5 15. g4 Bg6
16. Re1 Bc5 17. Rb1 Qd6 18. Nb5 Qf4 19. b4 axb4 20. axb4 Nxb4 21. Be5 Qxc4 22.
Nxc7 Rac8 23. Bg3 Qc2 24. Nh4 b6 25. Nxg6 hxg6 26. Ra1 Qc4 27. Qa4 Qc2 28. Red1
Rcd8 29. Qb5 Ne8 30. Rac1 Qa2 31. Ra1 Nxc7 32. Bxc7 Qe6 33. Bxd8 Rxd8 34. Re1
Qf6 35. Re8+ Kh7 36. Rf1 Rxe8 37. Qxe8 Qf4 38. Qe4 Qxd2 39. h4 Na2 40. Qc4 Bd6
41. Qxf7 Qf4 42. Qxf4 Bxf4 43. Rb1 Nc3 1/2-1/2

[Event "grenke Chess Open 2025"]
[Site "Karlsruhe GER"]
[Date "2025.04.18"]
[Round "3.27"]
[White "Eugene, Floryan"]
[Black "Kenneskog, Theodor"]
[Result "1-0"]
[WhiteTitle "IM"]
[BlackTitle "FM"]
[WhiteElo "2476"]
[BlackElo "2278"]
[WhiteFideId "20694784"]
[BlackFideId "1715011"]
[EventDate "2025.04.17"]

1. e4 d6 2. d4 Nf6 3. Nc3 e5 4. Nf3 Nbd7 5. a4 Be7 6. a5 O-O 7. Be2 Re8 8. O-O
c6 9. d5 cxd5 10. exd5 Bf8 11. Bb5 a6 12. Ba4 g6 13. Nd2 Qc7 14. Qe2 Bh6 15. Qc4
Qb8 16. Qh4 Bg7 17. Nde4 Rf8 18. Ra3 Qc7 19. Bh6 Bxh6 20. Qxh6 Ng4 21. Qh4 f5
22. Ng5 Nc5 23. b4 Nxa4 24. Nxa4 Qe7 25. Nb6 Rb8 26. h3 Nf6 27. f4 Ne4 28. g3
exf4 29. gxf4 Bd7 30. Qxh7+ Qxh7 31. Nxh7 Rf7 32. Ng5 Nxg5 33. fxg5 Re8 34. Nc4
Rh7 35. Nxd6 Re5 36. c4 f4 37. Rxf4 Rxg5+ 38. Kh2 Rgh5 39. Ne4 Rxh3+ 40. Rxh3
Rxh3+ 41. Kg2 Kh8 42. Nc5 1-0